Alle Städte in NRW nach Buchstabe - O - Statistiken

Allgemein
  • Dieses Quiz wurde 112 mal gespielt
  • Das Durchschnittsergebnis liegt bei 6 aus 11
Antworten auf der Karte
Die Antworten werden auf der Karte rot bzw. grün angezeigt, abhängig davon wie oft sie richtig erraten wurden.
 
Antwortstatistiken
Name % Korrekt
Olpe
87%
Oberhausen
86%
Oer-Erkenschwick
67%
Oelde
58%
Overath
55%
Ochtrup
45%
Odenthal
44%
Oerlinghausen
41%
Olfen
41%
Ostbevern
40%
Olsberg
33%
Keine übereinstimmenden Quizze gefunden
Verteilung der Resultate
Anzahl Personen mit jedem Resultat
Perzentil nach korrekt beantworteten Fragen
Ihre Resultats-Entwicklung
Sie haben dieses Quiz noch nicht gespielt